[Event "MGL-ch blitz"]
[Site "Ulaanbaatar"]
[Date "2015.09.18"]
[Round "1"]
[White "Uuriintuya, Uurtsaikh"]
[Black "Baterdene, Damdinbazar"]
[Result "1-0"]
[WhiteElo "1956"]
[BlackElo "1940"]
[PlyCount "41"]
[EventDate "2015.09.18"]
[EventType "tourn (blitz)"]
[EventRounds "15"]
[EventCountry "MGL"]
[SourceTitle "EXT 2016"]
[Source "ChessBase"]
[SourceDate "2015.10.08"]
[SourceVersion "1"]
[SourceVersionDate "2015.10.08"]
[SourceQuality "1"]

1. e4 e6 2. d4 d5 3. Nd2 dxe4 4. Nxe4 Nd7 5. Nf3 Ngf6 6. Nxf6+ Nxf6 7. Bd3 h6 8. 0-0 Bd6 9. Re1 0-0 10. c3 b6 11. Ne5 Bb7 12. Bf4 c5 13. dxc5 Bxc5 14. Qc2 Qd5 15. Bf1 Rad8 16. b4 Bxf2+ 17. Qxf2 Ne4 18. Qf3 g5 19. Rad1 Nd2 20. Qxd5 Rxd5 21. Bxd2 1-0